[Event "7. Arber-Senioren-Cup 2019"]
[Site "Bodenmais"]
[Date "2019.07.31"]
[Round "5.13"]
[White "Fleuch, Hans-Juergen"]
[Black "Gottwald, Helmut"]
[Result "1-0"]
[WhiteElo "1951"]
[BlackElo "1579"]
[Annotator "NA"]
[PlyCount "99"]
[EventDate "2019.07.27"]
[EventType "swiss"]
[EventCountry "GER"]
[SourceTitle "playchess.com"]
[Source "ChessBase"]
[SourceQuality "1"]
[TimeControl "60/7800+30:0"]

1. Nf3 {[%emt 0:00:00]} Nf6 {[%emt 0:01:11]} 2. d4 {[%emt 0:00:00]} e6 {[%emt 0:00:56]} 3. e3 {[%emt 0:01:02]} c5 {[%emt 0:01:31]} 4. Bd3 {[%emt 0:00:48]} d5 {[%emt 0:01:09]} 5. c3 {[%emt 0:05:46]} Nc6 {[%emt 0:02:40]} 6. Nbd2 {[%emt 0:01:05]} cxd4 {[%emt 0:03:18]} 7. exd4 {[%emt 0:00:43]} Be7 {[%emt 0:04:47]} 8. O-O {[%emt 0:00:55]} O-O {[%emt 0:03:06]} 9. Re1 {[%emt 0:00:41]} h6 {[%emt 0:01:34]} 10. Nf1 {[%emt 0:02:20]} Nh7 {[%emt 0:02:26]} 11. Ne5 {[%emt 0:01:00]} a6 {[%emt 0:04:33]} 12. f4 {[%emt 0:14:39]} Nf6 {[%emt 0:02:34]} 13. h3 {[%emt 0:13:19]} Qb6 {[%emt 0:01:07]} 14. Bc2 {[%emt 0:03:21]} Na5 {[%emt 0:03:47]} 15. Ne3 {[%emt 0:05:59]} Ne4 {[%emt 0:04:01]} 16. c4 {[%emt 0:10:31]} Bh4 {[%emt 0:01:27]} 17. Rf1 {[%emt 0:16:48]} Bf2+ {[%emt 0:07:15]} 18. Rxf2 {[%emt 0:01:04]} Nxf2 {[%emt 0:00:14]} 19. Kxf2 {[%emt 0:00:13]} Nxc4 {[%emt 0:02:20]} 20. Qd3 {[%emt 0:06:51]} f5 {[%emt 0:02:25]} 21. N3xc4 {[%emt 0:02:33]} dxc4 {[%emt 0:00:36]} 22. Nxc4 {[%emt 0:00:08]} Qd8 {[%emt 0:02:02]} 23. g3 {[%emt 0:10:11]} b5 {[%emt 0:02:02]} 24. Ne3 {[%emt 0:01:05]} Bb7 {[%emt 0:03:08]} 25. Bb3 {[%emt 0:03:43]} Bd5 {[%emt 0:04:24]} 26. Nxd5 {[%emt 0:01:36]} exd5 {[%emt 0:00:18]} 27. Qf3 {[%emt 0:00:15]} Rc8 {[%emt 0:03:21]} 28. Qxd5+ {[%emt 0:01:59]} Kh8 {[%emt 0:02:18]} 29. Qxd8 {[%emt 0:00:27]} Rfxd8 {[%emt 0:02:01]} 30. Be3 {[%emt 0:00:41]} a5 {[%emt 0:02:42]} 31. Kf3 {[%emt 0:07:26]} a4 {[%emt 0:01:04]} 32. Be6 {[%emt 0:01:06]} Rc2 {[%emt 0:01:50]} 33. Rb1 {[%emt 0:00:25]} Rf8 {[%emt 0:02:46]} 34. a3 {[%emt 0:03:48]} Rf6 {[%emt 0:07:21]} 35. d5 {[%emt 0:01:20]} Rh2 {[%emt 0:00:26]} 36. Bd4 {[%emt 0:00:51]} Rg6 {[%emt 0:00:20]} 37. Bxf5 {[%emt 0:00:21]} Rd6 {[%emt 0:00:59]} 38. Be6 {[%emt 0:01:49]} Rd2 {[%emt 0:00:15]} 39. Be5 {[%emt 0:01:24]} R6xd5 {[%emt 0:03:06]} 40. Bxd5 {[%emt 0:00:29]} Rxd5 {[%emt 0:00:05]} 41. Bc3 {[%emt 0:00:22]} Kg8 42. Re1 {[%emt 0:02:35]} Kf7 {[%emt 0:02:13]} 43. Re5 {[%emt 0:00:15]} Rd3+ {[%emt 0:02:36]} 44. Kg4 {[%emt 0:00:01]} b4 {[%emt 0:02:12]} 45. Bxb4 {[%emt 0:00:26]} Rd7 {[%emt 0:00:40]} 46. Ra5 {[%emt 0:00:27]} g5 {[%emt 0:00:50]} 47. fxg5 {[%emt 0:00:22]} Rd4+ {[%emt 0:01:01]} 48. Kf5 {[%emt 0:00:22]} hxg5 {[%emt 0:00:31]} 49. Kxg5 {[%emt 0:00:10]} Rd3 {[%emt 0:01:03]} 50. Ra7+ {[%emt 0:00:07] Ke7 Rxe7} 1-0

[Event "7. Arber-Senioren-Cup 2019"]
[Site "Bodenmais"]
[Date "2019.07.31"]
[Round "5.14"]
[White "Augustin, Christian"]
[Black "Busch, Joerg"]
[Result "1/2-1/2"]
[WhiteElo "1971"]
[BlackElo "1851"]
[Annotator "NA"]
[PlyCount "38"]
[EventDate "2019.07.27"]
[EventType "swiss"]
[EventCountry "GER"]
[SourceTitle "playchess.com"]
[Source "ChessBase"]
[SourceQuality "1"]
[TimeControl "60/7800+30:0"]

1. b3 {[%emt 0:00:00]} d5 {[%emt 0:00:00]} 2. e3 {[%emt 0:00:00]} Bf5 {[%emt 0:00:45]} 3. Bb2 {[%emt 0:00:14]} e6 {[%emt 0:00:24]} 4. Ne2 {[%emt 0:00:21]} Nf6 {[%emt 0:01:18]} 5. d3 {[%emt 0:00:40]} Nbd7 {[%emt 0:01:40]} 6. Nd2 {[%emt 0:01:19]} c6 {[%emt 0:00:54]} 7. a3 {[%emt 0:00:13]} Qc7 {[%emt 0:04:48]} 8. g3 {[%emt 0:01:57]} Be7 {[%emt 0:08:07]} 9. Bg2 {[%emt 0:01:42]} O-O {[%emt 0:00:20]} 10. h3 {[%emt 0:00:18]} Rad8 {[%emt 0:07:12]} 11. O-O {[%emt 0:03:42]} h6 {[%emt 0:03:09]} 12. Re1 {[%emt 0:22:45]} Rfe8 {[%emt 0:00:59]} 13. Rc1 {[%emt 0:07:39]} Qb8 {[%emt 0:10:16]} 14. Nf3 {[%emt 0:07:41]} Bg6 {[%emt 0:05:02]} 15. b4 {[%emt 0:04:45]} a6 {[%emt 0:03:28]} 16. Qd2 {[%emt 0:02:32]} Bd6 {[%emt 0:07:25]} 17. Red1 {[%emt 0:06:38]} Be7 {[%emt 0:07:25]} 18. Ned4 {[%emt 0:07:05]} Nb6 {[%emt 0:03:00]} 19. Bf1 e5 1/2-1/2

[Event "7. Arber-Senioren-Cup 2019"]
[Site "Bodenmais"]
[Date "2019.07.31"]
[Round "5.15"]
[White "Oberhofer, Max"]
[Black "Bauer, Werner"]
[Result "1-0"]
[WhiteElo "2187"]
[BlackElo "1881"]
[Annotator "NA"]
[PlyCount "57"]
[EventDate "2019.07.27"]
[EventType "swiss"]
[EventCountry "GER"]
[SourceTitle "playchess.com"]
[Source "ChessBase"]
[SourceQuality "1"]
[TimeControl "60/7800+30:0"]

1. d4 {[%emt 0:00:00]} d6 {[%emt 0:05:24]} 2. Nf3 {[%emt 0:00:30]} f5 {[%emt 0:00:30]} 3. c4 {[%emt 0:01:25]} Nf6 {[%emt 0:00:30]} 4. Nc3 {[%emt 0:00:30]} g6 {[%emt 0:00:30]} 5. g3 {[%emt 0:00:46]} Bg7 {[%emt 0:00:30]} 6. Bg2 {[%emt 0:00:30]} O-O {[%emt 0:00:30]} 7. O-O {[%emt 0:00:37]} e6 {[%emt 0:01:00]} 8. Re1 {[%emt 0:01:42]} Nbd7 {[%emt 0:04:23]} 9. b3 Qe7 {[%emt 0:08:40]} 10. Ba3 {[%emt 0:20:22]} Ne4 {[%emt 0:03:34]} 11. Rc1 {[%emt 0:11:20]} Nxc3 {[%emt 0:04:45]} 12. Rxc3 {[%emt 0:00:30]} e5 {[%emt 0:07:21]} 13. dxe5 {[%emt 0:03:05]} Nxe5 {[%emt 0:00:30]} 14. Rc2 {[%emt 0:02:37]} Rd8 {[%emt 0:14:06]} 15. Nxe5 {[%emt 0:04:27]} Bxe5 {[%emt 0:00:33]} 16. f4 {[%emt 0:01:42]} Bf6 {[%emt 0:02:46]} 17. e4 {[%emt 0:00:30]} Qg7 {[%emt 0:07:18]} 18. Rce2 {[%emt 0:04:36]} fxe4 {[%emt 0:03:22]} 19. Qd5+ {[%emt 0:04:05]} Kh8 {[%emt 0:01:00]} 20. Qxe4 {[%emt 0:05:06]} Bd4+ {[%emt 0:08:18]} 21. Kh1 {[%emt 0:00:47]} Bg4 {[%emt 0:10:15]} 22. Bf3 {[%emt 0:03:50]} Bxf3+ {[%emt 0:10:28]} 23. Qxf3 {[%emt 0:00:30]} Bf6 {[%emt 0:07:40]} 24. Qxb7 {[%emt 0:00:30]} Rab8 {[%emt 0:00:30]} 25. Qc6 {[%emt 0:01:09]} h5 {[%emt 0:00:46]} 26. Re6 {[%emt 0:02:09]} Rb6 {[%emt 0:03:14]} 27. Qf3 {[%emt 0:02:11]} Ra6 {[%emt 0:01:26]} 28. Bb4 {[%emt 0:02:49]} Rxa2 {[%emt 0:00:30]} 29. Rxf6 {[%emt 0:00:30]} 1-0

[Event "7. Arber-Senioren-Cup 2019"]
[Site "Bodenmais"]
[Date "2019.07.31"]
[Round "5.16"]
[White "Zwetz, Anita"]
[Black "Benischek, Wolfgang"]
[Result "0-1"]
[WhiteElo "1828"]
[BlackElo "2022"]
[Annotator "NA"]
[PlyCount "70"]
[EventDate "2019.07.27"]
[EventType "swiss"]
[EventCountry "GER"]
[SourceTitle "playchess.com"]
[Source "ChessBase"]
[SourceQuality "1"]
[TimeControl "60/7800+30:0"]

1. d4 {[%emt 0:00:00]} Nf6 {[%emt 0:00:00]} 2. Bg5 {[%emt 0:00:00]} Ne4 {[%emt 0:02:04]} 3. Bf4 {[%emt 0:00:00]} c5 {[%emt 0:02:38]} 4. dxc5 {[%emt 0:00:00]} Qa5+ {[%emt 0:02:28]} 5. c3 {[%emt 0:00:00]} Qxc5 {[%emt 0:00:51]} 6. Be3 {[%emt 0:02:56]} Qc7 {[%emt 0:00:31]} 7. g3 {[%emt 0:03:29]} e6 {[%emt 0:01:26]} 8. Nd2 {[%emt 0:02:57]} Nf6 {[%emt 0:00:29]} 9. Bg2 {[%emt 0:00:52]} d5 {[%emt 0:01:47]} 10. Ngf3 {[%emt 0:05:40]} Nc6 {[%emt 0:00:42]} 11. Nb3 {[%emt 0:03:25]} e5 {[%emt 0:03:12]} 12. Bg5 {[%emt 0:03:15]} Be6 {[%emt 0:03:37]} 13. Bxf6 {[%emt 0:16:19]} gxf6 {[%emt 0:00:02]} 14. Qc2 {[%emt 0:00:55]} Be7 {[%emt 0:01:41]} 15. e4 {[%emt 0:07:20]} Nb4 {[%emt 0:13:23]} 16. Qe2 {[%emt 0:02:58]} dxe4 {[%emt 0:04:04]} 17. Qxe4 {[%emt 0:00:26]} f5 {[%emt 0:03:44]} 18. Qb1 {[%emt 0:01:54]} e4 {[%emt 0:05:24]} 19. Nfd2 {[%emt 0:13:29]} Nd3+ {[%emt 0:02:11]} 20. Ke2 {[%emt 0:02:10]} Bc4 {[%emt 0:12:06]} 21. Nxc4 {[%emt 0:00:32]} Qxc4 {[%emt 0:00:14]} 22. Bf1 {[%emt 0:05:11]} Rd8 {[%emt 0:06:37]} 23. Nd2 {[%emt 0:04:55]} Qc5 {[%emt 0:01:23]} 24. h3 {[%emt 0:06:28]} Qxf2+ {[%emt 0:00:25]} 25. Kd1 {[%emt 0:00:03]} Bg5 {[%emt 0:03:12]} 26. Be2 {[%emt 0:05:54]} Qe3 {[%emt 0:13:27]} 27. Nc4 {[%emt 0:05:38]} Nf4+ {[%emt 0:06:13]} 28. Kc2 {[%emt 0:00:55]} Qxe2+ {[%emt 0:01:26]} 29. Kb3 {[%emt 0:00:00]} b5 {[%emt 0:02:53]} 30. Na5 {[%emt 0:02:37]} Nd3 {[%emt 0:04:05]} 31. Nc6 {[%emt 0:02:28]} Rd6 {[%emt 0:08:01]} 32. Na5 {[%emt 0:07:19]} Ra6 {[%emt 0:00:53]} 33. Nb7 {[%emt 0:00:09]} O-O {[%emt 0:03:51]} 34. Rf1 {[%emt 0:05:33]} Rb8 {[%emt 0:00:41]} 35. Rxf5 {[%emt 0:00:02]} Nc1+ {[%emt 0:00:38]} 0-1

[Event "7. Arber-Senioren-Cup 2019"]
[Site "Bodenmais"]
[Date "2019.07.31"]
[Round "5.17"]
[White "Peglau, Markus"]
[Black "Schwalb, Manfred"]
[Result "1/2-1/2"]
[WhiteElo "1849"]
[BlackElo "1965"]
[Annotator "NA"]
[PlyCount "33"]
[EventDate "2019.07.27"]
[EventType "swiss"]
[EventCountry "GER"]
[SourceTitle "playchess.com"]
[Source "ChessBase"]
[SourceQuality "1"]
[TimeControl "60/7800+30:0"]

1. g3 {[%emt 0:00:00]} g6 {[%emt 0:00:11]} 2. Bg2 {[%emt 0:00:00]} Bg7 {[%emt 0:00:09]} 3. c4 {[%emt 0:00:00]} c5 {[%emt 0:02:15]} 4. Nc3 {[%emt 0:02:20]} Nc6 {[%emt 0:00:13]} 5. Nf3 {[%emt 0:00:12]} e6 {[%emt 0:00:24]} 6. O-O {[%emt 0:01:14]} Nge7 {[%emt 0:00:10]} 7. d3 {[%emt 0:03:13]} O-O {[%emt 0:00:27]} 8. Bg5 {[%emt 0:03:45]} h6 {[%emt 0:00:17]} 9. Bd2 {[%emt 0:01:32]} d5 {[%emt 0:01:33]} 10. cxd5 {[%emt 0:02:22]} exd5 11. Rc1 Be6 {[%emt 0:05:59]} 12. a3 {[%emt 0:12:31]} Rc8 {[%emt 0:01:53]} 13. Qa4 {[%emt 0:03:47]} Qd7 {[%emt 0:05:10]} 14. b4 b6 {[%emt 0:21:44]} 15. bxc5 {[%emt 0:17:53]} bxc5 {[%emt 0:00:03]} 16. Rb1 {[%emt 0:04:45]} Rb8 {[%emt 0:06:45]} 17. Rfc1 {[%emt 0:10:35]} 1/2-1/2

[Event "7. Arber-Senioren-Cup 2019"]
[Site "Bodenmais"]
[Date "2019.07.31"]
[Round "5.18"]
[White "Schmidt, Matthias"]
[Black "Meckel, Helmut"]
[Result "1/2-1/2"]
[WhiteElo "2020"]
[BlackElo "1804"]
[Annotator "NA"]
[PlyCount "38"]
[EventDate "2019.07.27"]
[EventType "swiss"]
[EventCountry "GER"]
[SourceTitle "playchess.com"]
[Source "ChessBase"]
[SourceQuality "1"]
[TimeControl "60/7800+30:0"]

1. d4 {[%emt 0:00:00]} e6 {[%emt 0:10:33]} 2. Nf3 {[%emt 0:01:18]} f5 {[%emt 0:00:11]} 3. g3 {[%emt 0:01:02]} Nf6 {[%emt 0:00:05]} 4. Bg2 {[%emt 0:00:18]} Be7 {[%emt 0:00:23]} 5. c4 {[%emt 0:00:26]} d6 {[%emt 0:00:28]} 6. Nc3 {[%emt 0:01:16]} O-O {[%emt 0:00:14]} 7. O-O {[%emt 0:01:16]} Qe8 {[%emt 0:02:01]} 8. Re1 {[%emt 0:07:10]} Qh5 {[%emt 0:05:23]} 9. e4 {[%emt 0:16:20]} fxe4 {[%emt 0:03:40]} 10. Nxe4 {[%emt 0:01:12]} Nc6 {[%emt 0:01:06]} 11. Nfg5 {[%emt 0:09:00]} Qxd1 {[%emt 0:01:10]} 12. Rxd1 {[%emt 0:00:04]} h6 {[%emt 0:00:56]} 13. Nxf6+ {[%emt 0:00:57]} Bxf6 {[%emt 0:03:27]} 14. Bxc6 {[%emt 0:04:16]} bxc6 {[%emt 0:02:50]} 15. Ne4 {[%emt 0:00:37]} Kh7 {[%emt 0:04:11]} 16. Nxf6+ {[%emt 0:01:22]} gxf6 {[%emt 0:00:54]} 17. Re1 {[%emt 0:01:05]} f5 {[%emt 0:01:33]} 18. Bf4 {[%emt 0:03:24]} Rf7 {[%emt 0:01:54]} 19. c5 {[%emt 0:02:37]} d5 {[%emt 0:00:55]} 1/2-1/2

[Event "7. Arber-Senioren-Cup 2019"]
[Site "Bodenmais"]
[Date "2019.07.31"]
[Round "5.19"]
[White "Bock, Ortwin"]
[Black "Schuster, Herbert"]
[Result "1/2-1/2"]
[WhiteElo "1938"]
[BlackElo "1774"]
[Annotator "NA"]
[PlyCount "36"]
[EventDate "2019.07.27"]
[EventType "swiss"]
[EventCountry "GER"]
[SourceTitle "playchess.com"]
[Source "ChessBase"]
[SourceQuality "1"]
[TimeControl "60/7800+30:0"]

1. e4 {[%emt 0:00:00]} e5 {[%emt 0:00:15]} 2. Nc3 {[%emt 0:00:39]} c6 {[%emt 0:00:56]} 3. Nf3 {[%emt 0:01:05]} d6 {[%emt 0:00:30]} 4. h3 {[%emt 0:00:58]} h6 {[%emt 0:00:43]} 5. d4 {[%emt 0:01:16]} exd4 {[%emt 0:00:38]} 6. Nxd4 {[%emt 0:00:15]} Be7 {[%emt 0:03:29]} 7. Be3 {[%emt 0:04:07]} Nf6 {[%emt 0:01:38]} 8. Be2 {[%emt 0:02:13]} Qa5 {[%emt 0:01:51]} 9. O-O {[%emt 0:03:30]} b5 {[%emt 0:03:26]} 10. a3 {[%emt 0:04:10]} a6 {[%emt 0:00:41]} 11. b4 {[%emt 0:04:51]} Qc7 {[%emt 0:01:00]} 12. f4 {[%emt 0:08:09]} Nh7 {[%emt 0:05:23]} 13. Qd2 {[%emt 0:04:03]} g6 {[%emt 0:01:26]} 14. Nf3 {[%emt 0:05:07]} Nd7 {[%emt 0:01:29]} 15. Bd4 {[%emt 0:05:07]} O-O {[%emt 0:01:15]} 16. Rae1 {[%emt 0:08:38]} Bb7 {[%emt 0:03:10]} 17. Be3 {[%emt 0:09:33]} Rae8 {[%emt 0:02:51]} 18. Bd3 {[%emt 0:05:12]} Bf6 {[%emt 0:03:10]} 1/2-1/2

[Event "7. Arber-Senioren-Cup 2019"]
[Site "Bodenmais"]
[Date "2019.07.31"]
[Round "5.20"]
[White "Mahnke, Ralf"]
[Black "Riess, Michael"]
[Result "1/2-1/2"]
[WhiteElo "1925"]
[BlackElo "1686"]
[Annotator "NA"]
[PlyCount "141"]
[EventDate "2019.07.27"]
[EventType "swiss"]
[EventCountry "GER"]
[SourceTitle "playchess.com"]
[Source "ChessBase"]
[SourceQuality "1"]
[TimeControl "60/7800+30:0"]

1. d4 {[%emt 0:00:00]} d5 {[%emt 0:00:00]} 2. c4 {[%emt 0:00:00]} Nc6 {[%emt 0:00:00]} 3. Nf3 {[%emt 0:00:39]} Bg4 {[%emt 0:00:00]} 4. e3 {[%emt 0:00:46]} Nf6 {[%emt 0:01:20]} 5. Be2 {[%emt 0:01:18]} e6 {[%emt 0:01:07]} 6. O-O {[%emt 0:00:34]} Be7 {[%emt 0:01:46]} 7. b3 {[%emt 0:00:52]} dxc4 {[%emt 0:03:30]} 8. bxc4 {[%emt 0:01:10]} O-O {[%emt 0:01:13]} 9. Nc3 {[%emt 0:01:44]} a6 {[%emt 0:03:41]} 10. Bd2 {[%emt 0:01:20]} Bb4 {[%emt 0:03:16]} 11. Qb3 {[%emt 0:01:08]} Bxc3 {[%emt 0:02:12]} 12. Bxc3 {[%emt 0:00:27]} Ne4 {[%emt 0:02:34]} 13. Rfd1 {[%emt 0:02:39]} Nxc3 {[%emt 0:01:30]} 14. Qxc3 {[%emt 0:00:06]} Qf6 {[%emt 0:03:18]} 15. Rd2 {[%emt 0:02:19]} Rfd8 {[%emt 0:03:19]} 16. Rb2 {[%emt 0:01:36]} b6 {[%emt 0:01:06]} 17. a4 {[%emt 0:02:48]} a5 {[%emt 0:01:01]} 18. c5 {[%emt 0:04:54]} Nb4 {[%emt 0:04:32]} 19. cxb6 {[%emt 0:00:43]} cxb6 {[%emt 0:00:54]} 20. Rc1 {[%emt 0:02:36]} h6 {[%emt 0:03:22]} 21. h3 {[%emt 0:02:05]} Bxf3 {[%emt 0:06:46]} 22. Bxf3 {[%emt 0:00:24]} Rab8 {[%emt 0:00:28]} 23. Be4 {[%emt 0:04:14]} Qe7 {[%emt 0:01:36]} 24. Qc4 {[%emt 0:04:42]} Qd7 {[%emt 0:01:26]} 25. Qb3 {[%emt 0:08:45]} Rdc8 {[%emt 0:03:19]} 26. Rbb1 {[%emt 0:00:49]} Rxc1+ {[%emt 0:01:08]} 27. Rxc1 {[%emt 0:00:09]} Rc8 {[%emt 0:01:07]} 28. Rb1 {[%emt 0:07:19]} g6 {[%emt 0:01:00]} 29. Bf3 {[%emt 0:00:36]} Rc2 {[%emt 0:05:09]} 30. Bd1 {[%emt 0:01:31]} Rc7 {[%emt 0:00:31]} 31. Be2 {[%emt 0:02:34]} Qc8 {[%emt 0:00:27]} 32. Bb5 {[%emt 0:00:33]} Rc1+ {[%emt 0:01:23]} 33. Kh2 {[%emt 0:05:49]} Qc7+ {[%emt 0:01:17]} 34. g3 {[%emt 0:00:14]} Rc2 {[%emt 0:03:07]} 35. Rb2 {[%emt 0:03:19]} Rxb2 {[%emt 0:00:56]} 36. Qxb2 {[%emt 0:00:09]} Qc2 {[%emt 0:00:25]} 37. Qxc2 {[%emt 0:00:17]} Nxc2 {[%emt 0:00:44]} 38. Kg2 {[%emt 0:00:26]} Na3 {[%emt 0:03:28]} 39. Bc6 {[%emt 0:00:51]} Kf8 {[%emt 0:01:48]} 40. Kf3 {[%emt 0:00:12]} Ke7 {[%emt 0:01:11]} 41. Ke4 {[%emt 0:07:51]} Kd6 {[%emt 0:03:55]} 42. Be8 {[%emt 0:00:55]} Ke7 {[%emt 0:00:29]} 43. Bc6 {[%emt 0:00:29]} Kd6 {[%emt 0:00:08]} 44. d5 {[%emt 0:05:11]} f5+ {[%emt 0:02:09]} 45. Kd4 {[%emt 0:00:57]} exd5 {[%emt 0:05:12]} 46. Bxd5 {[%emt 0:00:17]} g5 {[%emt 0:03:48]} 47. Bf7 {[%emt 0:03:54]} b5 {[%emt 0:02:25]} 48. axb5 {[%emt 0:00:22]} Nxb5+ {[%emt 0:00:20]} 49. Kc4 {[%emt 0:00:24]} Nc7 {[%emt 0:03:27]} 50. f4 {[%emt 0:06:08]} Ke7 {[%emt 0:02:19]} 51. Bh5 {[%emt 0:01:04]} a4 {[%emt 0:04:42]} 52. Bf3 {[%emt 0:03:32]} Kd6 {[%emt 0:04:37]} 53. fxg5 {[%emt 0:01:42]} hxg5 {[%emt 0:00:26]} 54. h4 {[%emt 0:00:31]} gxh4 {[%emt 0:04:04]} 55. gxh4 {[%emt 0:00:08]} Ne6 {[%emt 0:03:29]} 56. Kb4 {[%emt 0:01:56]} Ke5 {[%emt 0:02:48]} 57. Kxa4 {[%emt 0:00:39]} f4 {[%emt 0:03:09]} 58. exf4+ {[%emt 0:04:38]} Nxf4 {[%emt 0:00:33]} 59. Kb4 {[%emt 0:00:39]} Kf6 {[%emt 0:04:13]} 60. Kc4 {[%emt 0:00:39]} Kg6 {[%emt 0:02:38]} 61. Kd4 {[%emt 2:10:20]} Ne6+ {[%emt 2:11:03]} 62. Ke5 {[%emt 0:00:32]} Ng7 {[%emt 0:01:44]} 63. Kf4 {[%emt 0:00:31]} Nh5+ {[%emt 0:01:12]} 64. Ke5 {[%emt 0:00:32]} Ng7 {[%emt 0:00:23]} 65. Bg4 {[%emt 0:00:11]} Kf7 {[%emt 0:01:15]} 66. Kf4 {[%emt 0:00:22]} Kg6 {[%emt 0:00:12]} 67. Kg3 {[%emt 0:00:48]} Nh5+ {[%emt 0:00:56]} 68. Kf3 {[%emt 0:00:14]} Nf6 {[%emt 0:00:22]} 69. Kf4 {[%emt 0:00:40]} Nh5+ {[%emt 0:00:20]} 70. Bxh5+ {[%emt 0:00:21]} Kxh5 71. Kg3 1/2-1/2

[Event "7. Arber-Senioren-Cup 2019"]
[Site "Bodenmais"]
[Date "2019.07.31"]
[Round "5.21"]
[White "Ketzscher, Roland"]
[Black "Berger, Siegfried"]
[Result "1-0"]
[WhiteElo "1917"]
[BlackElo "1548"]
[Annotator "NA"]
[PlyCount "73"]
[EventDate "2019.07.27"]
[EventType "swiss"]
[EventCountry "GER"]
[SourceTitle "playchess.com"]
[Source "ChessBase"]
[SourceQuality "1"]
[TimeControl "60/7800+30:0"]

1. d4 {[%emt 0:00:27]} d5 {[%emt 0:00:00]} 2. c4 {[%emt 0:00:05]} e6 {[%emt 0:00:27]} 3. Nc3 {[%emt 0:00:17]} Nf6 {[%emt 0:01:02]} 4. Bg5 {[%emt 0:00:28]} Be7 {[%emt 0:00:45]} 5. Nf3 {[%emt 0:00:07]} O-O {[%emt 0:02:51]} 6. e3 {[%emt 0:00:06]} Ne8 {[%emt 0:04:27]} 7. Bxe7 {[%emt 0:00:50]} Qxe7 {[%emt 0:00:10]} 8. cxd5 {[%emt 0:00:17]} exd5 {[%emt 0:02:01]} 9. Nxd5 {[%emt 0:00:09]} Qd6 {[%emt 0:02:45]} 10. Nc3 {[%emt 0:00:49]} Bg4 {[%emt 0:01:58]} 11. Be2 {[%emt 0:00:08]} Nf6 {[%emt 0:01:14]} 12. O-O {[%emt 0:00:52]} Re8 {[%emt 0:02:40]} 13. Rc1 {[%emt 0:01:18]} a6 {[%emt 0:03:09]} 14. Qc2 {[%emt 0:01:51]} Nbd7 {[%emt 0:01:13]} 15. Rfd1 {[%emt 0:00:29]} Rac8 {[%emt 0:03:25]} 16. e4 {[%emt 0:02:32]} Nh5 {[%emt 0:06:14]} 17. Qd2 {[%emt 0:07:32]} Rcd8 {[%emt 0:05:57]} 18. e5 {[%emt 0:05:47]} Qf8 {[%emt 0:03:40]} 19. h3 {[%emt 0:02:39]} Bxf3 {[%emt 0:02:35]} 20. Bxf3 {[%emt 0:00:06]} g6 {[%emt 0:01:36]} 21. Bxh5 {[%emt 0:00:49]} gxh5 {[%emt 0:00:16]} 22. Qg5+ {[%emt 0:00:22]} Kh8 {[%emt 0:00:22]} 23. Ne4 {[%emt 0:07:24]} f5 {[%emt 0:10:14]} 24. Ng3 {[%emt 0:00:48]} f4 {[%emt 0:04:00]} 25. Nxh5 {[%emt 0:00:26]} c6 {[%emt 0:00:46]} 26. Nxf4 {[%emt 0:02:10]} Re7 {[%emt 0:01:57]} 27. Qh4 {[%emt 0:03:54]} Kg8 {[%emt 0:02:51]} 28. Rd3 {[%emt 0:05:50]} Rde8 {[%emt 0:03:18]} 29. Rg3+ {[%emt 0:02:02]} Rg7 {[%emt 0:01:24]} 30. Rxg7+ {[%emt 0:00:16]} Qxg7 {[%emt 0:00:52]} 31. Rc3 {[%emt 0:00:17]} Qf7 {[%emt 0:02:42]} 32. Rg3+ {[%emt 0:01:07]} Kh8 {[%emt 0:00:20]} 33. e6 {[%emt 0:01:35]} Qf5 {[%emt 0:00:43]} 34. exd7 {[%emt 0:00:58]} Re1+ {[%emt 0:00:54]} 35. Kh2 {[%emt 0:00:06]} Qxd7 {[%emt 0:00:31]} 36. Ng6+ Kg8 37. Ne5+ {Qd8} 1-0

[Event "7. Arber-Senioren-Cup 2019"]
[Site "Bodenmais"]
[Date "2019.07.31"]
[Round "5.23"]
[White "Wacker, Manfred"]
[Black "Latzel, Wolfgang"]
[Result "0-1"]
[WhiteElo "1741"]
[BlackElo "1881"]
[Annotator "NA"]
[PlyCount "75"]
[EventDate "2019.07.27"]
[EventType "swiss"]
[EventCountry "GER"]
[SourceTitle "playchess.com"]
[Source "ChessBase"]
[SourceQuality "1"]
[TimeControl "60/7800+30:0"]

1. d4 {[%emt 0:00:00]} d6 {[%emt 0:00:00]} 2. c4 {[%emt 0:00:00]} g6 {[%emt 0:00:00]} 3. Nc3 {[%emt 0:00:29]} Bg7 {[%emt 0:00:00]} 4. e4 {[%emt 0:00:09]} Nc6 {[%emt 0:00:00]} 5. Be3 {[%emt 0:01:08]} e5 {[%emt 0:00:15]} 6. d5 {[%emt 0:04:39]} Nce7 {[%emt 0:00:21]} 7. f3 {[%emt 0:07:28]} f5 {[%emt 0:01:09]} 8. Bd3 {[%emt 0:01:22]} Nf6 {[%emt 0:00:10]} 9. exf5 {[%emt 0:04:15]} Nxf5 {[%emt 0:00:36]} 10. Bg5 {[%emt 0:00:54]} O-O {[%emt 0:06:47]} 11. Ne4 {[%emt 0:01:56]} c5 {[%emt 0:00:34]} 12. Ne2 {[%emt 0:01:26]} Nd4 {[%emt 0:01:11]} 13. O-O {[%emt 0:02:20]} Qc7 {[%emt 0:03:53]} 14. Nxf6+ {[%emt 0:03:26]} Bxf6 {[%emt 0:00:19]} 15. Bh6 {[%emt 0:01:04]} Bg7 {[%emt 0:00:53]} 16. Qd2 {[%emt 0:02:59]} Nxe2+ {[%emt 0:21:05]} 17. Bxe2 {[%emt 0:00:39]} Bf5 {[%emt 0:00:06]} 18. Bg5 {[%emt 0:06:38]} Rae8 {[%emt 0:01:54]} 19. Kh1 {[%emt 0:07:39]} e4 {[%emt 0:09:20]} 20. fxe4 {[%emt 0:01:34]} Rxe4 {[%emt 0:00:38]} 21. Rf4 {[%emt 0:07:42]} Rfe8 {[%emt 0:17:58]} 22. Rxe4 {[%emt 0:03:05]} Rxe4 {[%emt 0:01:19]} 23. Rf1 {[%emt 0:01:45]} Qd7 {[%emt 0:04:50]} 24. b3 {[%emt 0:01:38]} Qe8 {[%emt 0:01:03]} 25. Bf3 {[%emt 0:02:57]} Rd4 {[%emt 0:03:48]} 26. Qe1 {[%emt 0:04:20]} Qxe1 {[%emt 0:10:36]} 27. Rxe1 {[%emt 0:00:07]} Be5 {[%emt 0:00:00]} 28. Kg1 {[%emt 0:02:20]} b6 {[%emt 0:02:20]} 29. Be3 {[%emt 0:03:28]} Rd3 {[%emt 0:00:17]} 30. g4 {[%emt 0:03:54]} Bd7 {[%emt 0:02:13]} 31. Kg2 {[%emt 0:00:51]} Rc3 {[%emt 0:04:03]} 32. Re2 {[%emt 0:04:12]} b5 {[%emt 0:02:20]} 33. Bxc5 {[%emt 0:11:52]} bxc4 {[%emt 0:03:31]} 34. Bxa7 {[%emt 0:04:07]} cxb3 {[%emt 0:08:13]} 35. axb3 {[%emt 0:00:50]} Rxb3 {[%emt 0:00:07]} 36. Re3 Rb7 {[%emt 0:04:15]} 37. Bc5 {[%emt 0:06:32]} Rb2+ 38. Re2 0-1